| 000 | 00770cam a22002411 4500 | ||
|---|---|---|---|
| 999 |
_c5190 _d5190 |
||
| 001 | 10294849 | ||
| 003 | GBCCL | ||
| 005 | 20241126110535.0 | ||
| 008 | 760214s1959 maua 000 0 eng | ||
| 010 | _a 59041032 | ||
| 035 | _a(OCoLC)1990783 | ||
| 040 |
_aDLC _cCtFaU _dDLC |
||
| 042 | _apremarc | ||
| 050 | 0 | 0 |
_aBT769 _b.S86 |
| 082 |
_a234.1 _bSWI |
||
| 100 | 1 |
_aSwizdor, Matthew. _99345 |
|
| 245 | 1 | 0 |
_aGod in me; _ba popular explanation of sanctifying grace or the mystery of God's life in us. _cPref. by Lawrence J. Shehan. Illustrated by Kay B. Leitten. |
| 260 |
_aGranby, Mass., _bFranciscan Fathers _c[1959] |
||
| 300 |
_a149 p. _billus. _c23 cm. |
||
| 650 | 0 |
_aMystical union. _98822 |
|
| 906 |
_a7 _bcbc _coclcrpl _du _encip _f19 _gy-gencatlg |
||
| 942 |
_2ddc _cBK |
||